| 000 | 00725nam a2200253 a 4500 | ||
|---|---|---|---|
| 001 | 10005 | ||
| 003 | CO-ViMGA | ||
| 008 | 141112s2004 ck r 000 u spa d | ||
| 020 | _a8432962252 | ||
| 040 |
_aCO-ViMGA _bspa _cCO-ViMGA |
||
| 082 | 0 | 4 | _a621.31920 R15m |
| 100 | 1 |
_aJose, _912416 |
|
| 245 | 1 | 0 | _aManual Autodidáctio de Esquemas Electricos |
| 250 | _a2 | ||
| 260 |
_aBarcelona : _bCeac S.A, _c1994 |
||
| 300 | _a325p. : il. | ||
| 490 | _aManual Autodidácticos Electricidad | ||
| 650 | 1 | 4 |
_aACCIONAMIENTOS ELECTRICOS, MANUALES _912417 |
| 650 | 1 | 4 |
_aCIRCUITOS _93927 |
| 650 | 1 | 4 |
_aDIBUJO ELECTRONICO _912418 |
| 650 | 1 | 4 |
_aELECTRICIDAD MANUALES _912419 |
| 650 | 1 | 4 |
_aESQUEMAS ELECTRICOS _912420 |
| 942 |
_2ddc _cBK |
||
| 999 |
_c21382 _d21382 |
||